000 00922nam a2200253Ia 4500
003 OSt
005 20221005112614.0
006 a|||||r|||| 00| 0
007 ta
008 221004b |||||||| |||| 00| 0 jpn d
020 _a9789352044870 (pbk)
_cINR 395.00
024 _a45256
037 _b1037, 02/02/2019, H.K. Prakashan
_cTextual
040 _aCRL
_cCRL
_bjpn
041 _2jpn
_ajpn
082 _aO42,1:g, 153Q8
100 _aਸਿੰਘ, ਸਿਮਰਨਜੀਤ, ਂਚ।
245 0 _aਹਾਇਕੂ
_b ਲਿਕਾ ਤੇ ਰਮਗ਼ਾਂ
260 _aਚੰਡੀਗੜ੍ਹ
_bਲੋਕਗੀਤ ਪ੍ਰਕਾਨ ਭਾਰਤ
_c2018
300 _a254ਪ੍ਰ0
_ccm.
650 _aਜੈਪਨੀਸ ਸਾਹਿਤ
942 _hO42,1:g, 153Q8
_cTEXL
_2cc
999 _c1025412
_d1025412